Používání práva v zahraničně obchodní praxi

Uložené v:
Podrobná bibliografia
Médium: Kniha
Jazyk:Czech
Vydavateľské údaje: Praha Institut zahraničního obchodu 1984
Tagy: Pridať tag
Žiadne tagy, Buďte prvý, kto otaguje tento záznam!

MARC

LEADER 00000nam a2200000 4500
001 c104222
005 20041019155131.4
041 0 |a cze 
044 |a CZ 
245 1 0 |a Používání práva v zahraničně obchodní praxi 
264 1 |a Praha  |b Institut zahraničního obchodu  |c 1984 
300 |a 134 s.